000 00441 a2200145 4500
999 _c6304
_d6304
020 _a9780470177143
050 _aTX911.3HOT2011
245 _aHotel management and operations /
_c Michael J O'Fallon Denney G Rutherford
264 _aHoboken, N.J. :
_bohn Wiley & Sons,
_c2011
300 _a494p. :
500 _aincludes index
650 _aHoteles -- Marketing.
700 _aRutherford Denney G
_eeditor
942 _2lcc
_cBK
_h911.3
_iHOT
_kTX